000
00223nam a2200109Ia 4500
100
_a
SHETTY/ROOPA
650
_a
Communication skills
942
_c
BK
245
_a
Communication Skills
260
_b
#N/A
546
_a
ENGLISH
999
_c
21722
_d
21722